[Event "Challenge"]
[Site "http://www.queenalice.com/game.php?id=562316"]
[Date "2009.3.27"]
[Round "-"]
[White "montelo"]
[Black "brviking"]
[Result "1-0"]
[WhiteElo "1781"]
[BlackElo "1437"]

1. e4 e5 2. Qh5 Qe7 3. Nc3 Nf6 4. Qf3 d6 5. d3 Bg4 6. Qg3 Nc6 7. Bg5 h5 8. Bxf6
gxf6 9. Nd5 Qd7 10. Nxf6+ Ke7 11. Nxd7 Kxd7 12. h3 h4 13. Qxg4+ Kd8 14. Be2 a5
15. Qf5 Nd4 16. Qg5+ Be7 17. Qd2 Rg8 18. g4 hxg3 19. fxg3 Rxg3 20. c3 Bg5 21.
Qd1 Bh4 22. Kf1 f5 23. cxd4 exd4 24. exf5 Kd7 25. Bg4 c5 26. f6+ Kc7 27. Ne2 Re3
28. f7 Kd8 29. f8=Q+ Re8 30. Qxd6# 1-0

[Event "Challenge"]
[Site "http://www.queenalice.com/game.php?id=562317"]
[Date "2009.3.27"]
[Round "-"]
[White "brviking"]
[Black "montelo"]
[Result "0-1"]
[WhiteElo "1435"]
[BlackElo "1783"]

1. d4 c6 2. Bd2 Nf6 3. Nc3 Qb6 4. e3 Qxb2 5. Bc4 b5 6. Rb1 Qa3 7. Rb3 Qd6 8. Nf3
bxc4 9. Rb2 Bb7 10. O-O Ng4 11. g3 Qf6 12. e4 e5 13. dxe5 Nxe5 14. Nxe5 Qxe5 15.
f4 Qd4+ 16. Kh1 c5 17. Rxb7 g6 18. Qe1 Qd6 19. e5 Qc6+ 20. Kg1 Qxb7 21. e6 fxe6
22. Ne4 d5 23. Nf6+ Kf7 24. Ng4 h5 25. Qe5 Bg7 26. Qg5 hxg4 27. f5 exf5 28. Re1
Bf6 29. Qf4 Re8 30. Re3 Bd4 31. Kf1 Bxe3 32. Bxe3 Qb1+ 33. Kg2 Qxc2+ 34. Qf2
Qe4+ 35. Kf1 Qxe3 36. Qxe3 Rxe3 37. Kf2 Re8 38. Kg2 c3 39. h3 c2 40. hxg4 fxg4
41. Kh2 Re2+ 42. Kg1 c1=R# 0-1

[Event "Challenge"]
[Site "http://www.queenalice.com/game.php?id=564241"]
[Date "2009.3.31"]
[Round "-"]
[White "montelo"]
[Black "brviking"]
[Result "0-1"]
[WhiteElo "1789"]
[BlackElo "1427"]

1. e4 e5 2. Nf3 f6 3. Nxe5 fxe5 4. Qh5+ g6 5. Qxe5+ Qe7 6. Qxh8 Qxe4+ 7. Kd1 d5
8. Qxg8 Bg4+ 9. f3 Bxf3+ 10. gxf3 Qxf3+ 11. Ke1 Qxh1 12. d3 Nd7 13. Qxh7 O-O-O
14. Qxg6 Ne5 15. Qf5+ Nd7 16. Nc3 a6 17. Qf4 Bd6 18. Qg5 Qxh2 19. Nxd5 Bg3+ 20.
Kd1 Qf2 21. Ne3 Qe1# 0-1

[Event "Challenge"]
[Site "http://www.queenalice.com/game.php?id=564242"]
[Date "2009.3.31"]
[Round "-"]
[White "brviking"]
[Black "montelo"]
[Result "0-1"]
[WhiteElo "1443"]
[BlackElo "1759"]

1. e4 e5 2. Qh5 Nc6 3. Nf3 g6 4. Qg5 f6 5. Qh4 Nb4 6. Bd3 c6 7. O-O Be7 8. c3
Nxd3 9. b3 b6 10. Na3 b5 11. c4 f5 12. Qh3 fxe4 13. Nxe5 Nxe5 14. cxb5 cxb5 15.
Nxb5 d5 16. Bb2 Bxh3 17. gxh3 Nf3+ 18. Kg2 Nxd2 19. Rfd1 Nxb3 20. axb3 Bf6 21.
Ba3 Bxa1 22. Nd6+ Kd7 23. Rxd5 Nf6 24. Nf7+ Nxd5 25. Nxd8 Kxd8 26. f4 Nxf4+ 27.
Kg3 Be5 28. Kf2 Rc8 29. Ke3 Rc3+ 0-1

[Event "Armin Tamzarian"]
[Site "http://www.queenalice.com/game.php?id=564631"]
[Date "2009.3.31"]
[Round "-"]
[White "carloscolangelo"]
[Black "brviking"]
[Result "1-0"]
[WhiteElo "1507"]
[BlackElo "1457"]

1. e4 e5 2. Nf3 d5 3. Nxe5 Qh4 4. exd5 Qe4+ 5. Qe2 Qxc2 6. Ng6+ Be6 7. Nxh8
Qxc1+ 8. Qd1 Qxb2 9. Nc3 Bxd5 10. Nxd5 Be7 11. Nxc7+ Kf8 12. Nxa8 Qe5+ 13. Be2
Nc6 14. O-O Bd6 15. g3 Nf6 16. Bc4 Qh5 17. Qxh5 Nxh5 18. Bxf7 Ne5 19. Bxh5 Nd3
20. Nf7 g6 21. Nxd6 gxh5 22. Rab1 b6 23. Rb3 Nc5 24. Rf3+ Kg7 25. Rf7+ Kg6 26.
Rxa7 Kg5 27. h4+ Kg4 28. Nxb6 Kh3 29. Rxh7 Nd3 30. Rxh5 Nb4 31. a4 Nc6 32. a5
Nd4 33. a6 Nf3+ 34. Kh1 Nxd2 35. Rd1 Ne4 36. Rdd5 Nxf2+ 37. Kg1 Kxg3 38. Rdf5
Nh3+ 39. Kf1 Kg4 40. a7 Kg3 41. a8=Q Kh2 42. Qg2# 1-0

[Event "Challenge"]
[Site "http://www.queenalice.com/game.php?id=564807"]
[Date "2009.4.1"]
[Round "-"]
[White "Ebbe"]
[Black "brviking"]
[Result "1-0"]
[WhiteElo "1795"]
[BlackElo "1440"]

1. d4 d5 2. c4 e6 3. Nf3 Nf6 4. Bg5 Be7 5. Bxf6 Bxf6 6. e3 Qd6 7. c5 Qc6 8. Nc3
Na6 9. Bb5 Qxb5 10. Nxb5 O-O 11. Nc3 Nb4 12. Ne2 b5 13. Qb3 a5 14. a4 c6 15. O-O
Rb8 16. axb5 cxb5 17. Rxa5 Nc6 18. Rxb5 Bd7 19. Rxb8 Rxb8 20. Qc2 g6 21. h3 Nb4
22. Qb3 e5 23. dxe5 Nc6 24. Qxd5 Rd8 25. exf6 Nb4 26. Qb7 Nc6 27. Rd1 Nb8 28.
Ne5 Bxh3 29. Rxd8# 1-0

[Event "Crazy Horse"]
[Site "http://www.queenalice.com/game.php?id=569119"]
[Date "2009.4.9"]
[Round "-"]
[White "brviking"]
[Black "carloscolangelo"]
[Result "0-1"]
[WhiteElo "1438"]
[BlackElo "1574"]

1. a4 e5 2. e4 Bc5 3. Nf3 Nc6 4. d3 Nf6 5. Ng5 d6 6. Qf3 Bg4 7. Qg3 h6 8. h3
hxg5 9. hxg4 Rxh1 10. Bxg5 Nd4 11. Kd1 Rxf1+ 12. Kd2 c6 13. c3 Qa5 14. Qh4 O-O-O
15. Bxf6 gxf6 16. Qxf6 Nb3+ 17. Ke2 Nxa1 18. Kxf1 Qxa4 19. Ke2 Qc2+ 20. Nd2 Qxb2
21. Qf5+ Rd7 22. d4 exd4 23. cxd4 Bxd4 24. Qf4 Nb3 25. e5 dxe5 26. Qh6 Bc3 27.
Qf8+ Kc7 0-1

[Event "Pangaré Veiaco"]
[Site "http://www.queenalice.com/game.php?id=573127"]
[Date "2009.4.17"]
[Round "-"]
[White "brviking"]
[Black "carloscolangelo"]
[Result "0-1"]
[WhiteElo "1427"]
[BlackElo "1500"]

1. d4 e6 2. e4 c5 3. e5 cxd4 4. Qxd4 Nc6 5. Qf4 Bc5 6. Nf3 Nh6 7. Ng5 d6 8. Bb5
a6 9. Nc3 axb5 10. Nxb5 dxe5 11. Qd2 Qxd2+ 12. Bxd2 O-O 13. O-O-O Ng4 14. Ne4
Bxf2 15. Rhf1 Be3 16. Nf6+ gxf6 17. Rxf6 Bxd2+ 18. Rxd2 Nxf6 19. h4 Rxa2 20. c3
b6 21. Kb1 Ra5 22. c4 Ba6 23. Rd6 Rc8 24. Nc3 Bxc4 25. b4 Nxb4 26. Rxb6 Ba2+ 27.
Kb2 Nd3+ 28. Kc2 e4 29. Kd2 Rac5 30. Nxa2 Rc2+ 31. Ke3 Rxa2 32. g4 Nd5+ 33. Kxe4
Nxb6 34. Kxd3 Rd8+ 35. Ke4 Ra4+ 36. Ke5 Rd5+ 37. Kf6 e5 38. g5 e4 39. g6 hxg6
40. h5 gxh5 41. Ke7 e3 42. Ke8 Re4# 0-1

[Event "Challenge"]
[Site "http://www.queenalice.com/game.php?id=687977"]
[Date "2009.11.24"]
[Round "-"]
[White "brviking"]
[Black "FENIX_RJ"]
[Result "1-0"]
[WhiteElo "1442"]
[BlackElo "1520"]

1. e4 e5 2. Nf3 Bc5 3. d4 Bb4+ 4. Bd2 Qe7 5. d5 Nf6 6. Bc4 Ng4 7. O-O Bc5 8. Qe2
Bb6 9. Bg5 f6 10. Bh4 c6 11. Nxe5 Qxe5 12. Qxg4 Bc7 13. g3 f5 14. exf5 Qxb2 15.
Nd2 Bb6 16. d6 h5 17. Qg6+ Kf8 18. Be7# 1-0

[Event "Invitation"]
[Site "http://www.queenalice.com/game.php?id=689328"]
[Date "2009.11.27"]
[Round "-"]
[White "brviking"]
[Black "tlalexandri"]
[Result "1-0"]
[WhiteElo "1419"]
[BlackElo "1600"]

1. e4 e5 2. d4 exd4 3. Qxd4 Nc6 4. Qd5 Nf6 5. Bg5 h6 6. Bxf6 Qxf6 7. Nf3 Qxb2 8.
Bc4 Bb4+ 9. Nfd2 O-O 10. O-O Qxa1 11. f4 Nd4 12. f5 Ne2+ 13. Bxe2 c6 14. Qb3
Bc5+ 15. Kh1 b6 16. Nc3 Qxf1+ 17. Nxf1 a5 18. Bh5 Bb7 19. f6 g6 20. Bxg6 d5 21.
Bh5 d4 22. Ne2 Ba6 23. Nfg3 Rae8 24. Nf5 Bxe2 25. Qg3+ Kh7 26. Qg7# 1-0

[Event "Challenge"]
[Site "http://www.queenalice.com/game.php?id=709117"]
[Date "2010.1.6"]
[Round "-"]
[White "tlalexandri"]
[Black "brviking"]
[Result "0-1"]
[WhiteElo "1636"]
[BlackElo "1459"]

1. e4 e5 2. Nf3 d6 3. Bc4 Be6 4. d3 Nf6 5. Ng5 Bxc4 6. dxc4 Qe7 7. O-O h6 8. Nf3
Nc6 9. c3 Nxe4 10. Qa4 Nc5 11. Qc2 g5 12. b4 g4 13. Nxe5 Nxe5 14. bxc5 Nf3+ 15.
gxf3 gxf3 16. Bf4 Qh4 17. Bg3 Qh3 18. Nd2 Qg2# 0-1

[Event "Challenge"]
[Site "http://www.queenalice.com/game.php?id=754046"]
[Date "2010.3.30"]
[Round "-"]
[White "brviking"]
[Black "tlalexandri"]
[Result "0-1"]
[WhiteElo "1482"]
[BlackElo "1725"]

1. d4 Nf6 2. e3 d5 3. Nc3 e6 4. Bb5+ c6 5. Ba4 Bd7 6. Nf3 b5 7. Bb3 Bb4 8. Ne5
O-O 9. O-O Bd6 10. f4 b4 11. Na4 Qa5 12. Qf3 Bxe5 13. dxe5 Ne4 14. Qg4 c5 15.
Bxd5 exd5 16. f5 Qxa4 0-1

[Event "Challenge"]
[Site "http://www.queenalice.com/game.php?id=887490"]
[Date "2011.1.17"]
[Round "-"]
[White "tlalexandri"]
[Black "brviking"]
[Result "0-1"]
[WhiteElo "1662"]
[BlackElo "1476"]

1. e4 e5 2. Nf3 d6 3. Bc4 Nf6 4. d3 Bg4 5. h3 Bh5 6. g4 Bg6 7. Ng5 d5 8. exd5
Nxd5 9. Qf3 c6 10. Nc3 Bb4 11. Bd2 O-O 12. Nxd5 Bxd2+ 13. Kxd2 Qxg5+ 14. Ne3 b5
15. Bxb5 e4 16. dxe4 Qxb5 17. b3 a5 18. c4 Qb4+ 19. Kc2 c5 20. Nd5 Qb7 21. Kb2
a4 22. e5 a3+ 23. Kc3 Ra4 24. Ne7+ Qxe7 25. bxa4 Qxe5+ 26. Kb3 Qb2# 0-1

[Event "Challenge"]
[Site "http://www.queenalice.com/game.php?id=930038"]
[Date "2011.4.25"]
[Round "-"]
[White "carloscolangelo"]
[Black "brviking"]
[Result "1-0"]
[WhiteElo "1399"]
[BlackElo "1499"]

1. e4 d5 2. Bd3 e5 3. exd5 Bc5 4. Nf3 Qf6 5. O-O e4 6. Bxe4 Qf4 7. d4 Qxe4 8.
Re1 Qe7 9. Rxe7+ Nxe7 10. Qe1 Bd6 11. Nc3 O-O 12. Nb5 Bg4 13. Nxd6 cxd6 14. Qxe7
Bxf3 15. Qxb7 Bxd5 16. Qxd5 Na6 17. Qxd6 Rfe8 18. Bd2 Re2 19. Qf4 Rae8 20. b4 h6
21. b5 Nb4 22. Bxb4 R8e4 23. Qd6 Kh7 24. Kf1 Rxc2 25. Re1 Rh4 26. Kg1 f6 27. g3
Rh5 28. Qd7 Kg6 29. Qe8+ Kg5 30. f4+ Kg4 31. Qg6+ Kf3 32. Qxh5# 1-0

[Event "Letesgo!"]
[Site "http://www.queenalice.com/game.php?id=932231"]
[Date "2011.4.30"]
[Round "-"]
[White "brviking"]
[Black "carloscolangelo"]
[Result "0-1"]
[WhiteElo "1479"]
[BlackElo "1419"]

1. e4 e5 2. Nf3 Nc6 3. Bb5 Bd6 4. d3 a6 5. Bg5 Nf6 6. Bc4 h6 7. Bh4 b5 8. Bd5 g5
9. Bxg5 hxg5 10. Nxg5 Nxd5 11. h4 Nf6 12. Qf3 Nd4 13. Qd1 Bc5 14. a3 Bb6 15. b4
a5 16. c3 Ne6 17. Nxf7 Kxf7 18. Qf3 Ke8 19. g3 axb4 20. cxb4 Bb7 21. Qf5 Bd4 22.
Ra2 Ng7 23. Qg6+ Kf8 24. g4 Nfe8 25. h5 Ne6 26. h6 Nf4 27. Qf5+ Qf6 28. Qxf6+
Nxf6 29. Rd2 Nxg4 30. f3 Nxh6 31. Rg1 Bxg1 32. d4 exd4 0-1